| 000 | 01756nam a2200301 i 4500 | ||
|---|---|---|---|
| 001 | 196133 | ||
| 003 | ES-MaACL | ||
| 005 | 20250721063452.0 | ||
| 008 | 240813b2024 sp ||||| |||| 00| 0 spa d | ||
| 017 |
_aLE 230-2024 _bOficina Depósito Legal León |
||
| 020 | _a9788412883619 | ||
| 040 |
_bspa _cES-MaACL |
||
| 100 | 1 |
_9226642 _aCortés González, Daniel, _d1987- _eaut |
|
| 245 |
_aEl crimen de Don Benito : _bun pueblo contra el caciquismo / _cDaniel Cortés González |
||
| 250 | _aPrimera edición: Don Benito, Junio 2024 | ||
| 260 |
_aDon Benito : _bAyuntamiento de Don Benito, Fondo Editorial, _c2024 |
||
| 300 |
_a406 páginas ; _c24 cm |
||
| 336 |
_2rdacontent _atexto |
||
| 337 |
_2rdamedia _asin mediación |
||
| 338 |
_2rdacarrier _avolumen |
||
| 520 | _aEste libro no es una novela, sino un libro de historia; la historia de un sangriento suceso que tuvo lugar en Don Benito (Badajoz) en 1902 y que forma parte de la Crónica Negra de España. El crimen, aunque su proceso no fue del todo justo, si es cierto que ocasionó un cambio evolutivo de la sociedad dombenitense, en la que se produjo la liberación del caciquismo a nivel local. Dos honradas mujeres brutalmente asesinadas; un señorito convertido en asesino y acompañado por dos cómplices; un pueblo lleno de pasión por hacer justicia; un escabroso ajusticiamiento de los culpables; un suceso que conmocionó a España entera. | ||
| 852 |
_aES-MaACL _cDEPOJ _jN-10134 _xEncuadernación rústica con solapas _hDonación: Editorial _9206267 |
||
| 942 |
_cMONOGRAFIA _n0 |
||
| 999 |
_c196133 _d196133 |
||